| 000 | 00584nam a2200205Ia 4500 | ||
|---|---|---|---|
| 005 | 20250923144557.0 | ||
| 008 | 008 250917s9999 xx 000 0 eng d | ||
| 037 | _aTextual | ||
| 040 |
_aDSWL _beng _cDSWL |
||
| 041 |
_aeng _2eng |
||
| 084 |
_aXM95xM77, J3 _qDSWL |
||
| 100 |
_aAbraham, Karl _9826267 |
||
| 245 | 0 |
_aSelected papers on psychoanalysis _cby Karl Abraham. |
|
| 260 |
_aNew York _bBasic Books, INC Publishers _c1954 |
||
| 300 | _a527p. | ||
| 365 |
_aUSD _b6 |
||
| 925 | _g6 | ||
| 942 |
_cTEXL _hXM95xM77, J3 |
||
| 999 |
_c1440718 _d1440718 |
||